01097nam a2200229Ia 4500003000900000008004100009020002200050040001600072080002200088111012400110245030600234260003300540300001400573650002200587650003000609650001100639700003100650700003200681942000700713999001700720952013000737IN-BaIIA211028s9999 xx 000 0 eng d a978-0-306-45770-8 cIIA Library a535.4(082.2)bDIF aInternational School of Quantum Electronics on Diffractive Optics and Optical MicrosystecItalyd1996 Nov. 14-24922997 0aDiffractive optics and optical microsystemsbproceedings of the 20th course of the International school of quantum electronics on diffractive optics and optical microsyste, Erice, Sicily, Italy, November 14-24, 1996cedited by S. Martellucci and A. N. Chester  aNew YorkbPlenum Pressc1997 aix, 422p. aDiffraction96763 aDiffractive optics922998 aOptics aChester, A. N., ed.922999 aMartellucci, S., ed.923000 cBK c13063d13063 00104070aBANbBANcGENd1999-07-12g6600.00l0o535.4(082.2)/ DIFp13980r2021-11-05v6600.00w1999-07-12yBKGRs. 6600.00